000
00344 a2200169 4500
001
192113
020
_a
978-85-322-9090-8
040
_c
Magnum
100
_a
Abreu, Márcia
240
1
0
_a
Morrer amanhã
_l
por
245
1
0
_a
Morrer amanhã
300
_a
317
362
0
_a
2014
440
1
_a
FTD
697
_a
LITERATURA GERAL
942
_c
BK
999
_c
192113
_d
192113